00956nam a22002657a 45000010005000000030006000050050017000110080041000280200015000690400029000840500015001130820010001281000032001382450103001702500041002732600034003143000056003485050007004045200160004115210018005715210018005896500031006076500021006387000031006597926FISKH20250814093636.0250814b cb ||||| |||| 00| 0 eng d a0590987941 aFISKHbengcFISKHdFISKH aPZ8.M965 S a398.2 aMusgrove, Margaretd(1943-) aThe spider weaver :bA legend of Kente Cloth /cBy Margaret Musgrove ; Illustrated by Julia Cairns aThis edition first published in 2002 aNew York :bScholastic,c2001 a29 unnumbered pages :bcolor illustrations ;c31 cm aP  aIn this retelling of a tale from Ghana, a wondrous spider shows two Ashanti weavers how to make intricate, colorful patterns in the cloth that they weave. 8 a640 bLexile 8 aP bRaz-Plus  2AfricaaFolk & Fairy Tales 2AshantiaWeaving aCairns, Juliadillustrator